| 000 | 00932nam a2200253 a 4500 | ||
|---|---|---|---|
| 001 | 000035012 | ||
| 003 | DO-SdBNP | ||
| 005 | 20260310101652.0 | ||
| 008 | 111024s1968 es 000 0 spa d | ||
| 040 |
_aDO-SdBNP _bspa _cBNPHU |
||
| 082 | 4 |
_a303.385 _bH471p _222 |
|
| 100 | 1 |
_aHeintz, Peter. _960630 |
|
| 245 | 1 | 4 |
_aLos prejuicios sociales : _bun problema de la personalidad, de la cultura y de la sociedad / _cPeter Heintz. |
| 260 |
_aMadrid : _bEditorial Tecnos, _c1968. |
||
| 300 |
_a171 p. ; _c24 cm. |
||
| 490 | 1 |
_aCiencias sociales _aSerie de sociología |
|
| 590 | _aPerteneció a la biblioteca personal de Juan Isidro Jimenes Grullón | ||
| 650 | 0 |
_aPrejuicios _923101 |
|
| 650 | 7 |
_a Relaciones raciales _988974 _2LIBRUNAM |
|
| 650 | 7 |
_aAdaptación social (Psicología) _947669 _2LIBRUNAM |
|
| 830 | 0 |
_aCiencias sociales _pSerie de sociología _960631 |
|
| 910 | _aValidado. Control de calidad MFF | ||
| 942 |
_2ddc _cLBS1 |
||
| 999 |
_c34503 _d34503 |
||